<?xml version="1.0" encoding="UTF-8"?><?xml-stylesheet type="text/xsl" href="static/style.xsl"?><OAI-PMH xmlns="http://www.openarchives.org/OAI/2.0/" xmlns:xsi="http://www.w3.org/2001/XMLSchema-instance" xsi:schemaLocation="http://www.openarchives.org/OAI/2.0/ http://www.openarchives.org/OAI/2.0/OAI-PMH.xsd"><responseDate>2026-04-28T19:01:59Z</responseDate><request verb="GetRecord" identifier="oai:uvadoc.uva.es:10324/1502" metadataPrefix="marc">https://uvadoc.uva.es/oai/request</request><GetRecord><record><header><identifier>oai:uvadoc.uva.es:10324/1502</identifier><datestamp>2021-06-29T09:26:28Z</datestamp><setSpec>com_10324_38</setSpec><setSpec>col_10324_852</setSpec></header><metadata><record xmlns="http://www.loc.gov/MARC21/slim" xmlns:doc="http://www.lyncode.com/xoai" xmlns:xsi="http://www.w3.org/2001/XMLSchema-instance" xmlns:dcterms="http://purl.org/dc/terms/" xsi:schemaLocation="http://www.loc.gov/MARC21/slim http://www.loc.gov/standards/marcxml/schema/MARC21slim.xsd">
<leader>00925njm 22002777a 4500</leader>
<datafield tag="042" ind1=" " ind2=" ">
<subfield code="a">dc</subfield>
</datafield>
<datafield tag="720" ind1=" " ind2=" ">
<subfield code="a">Herrero Torres, Javier</subfield>
<subfield code="e">author</subfield>
</datafield>
<datafield tag="260" ind1=" " ind2=" ">
<subfield code="c">2012</subfield>
</datafield>
<datafield tag="520" ind1=" " ind2=" ">
<subfield code="a">Este proyecto es una evolución del Proyecto “Agenda Electrónica Multiusuario” realizado en el PFC.&#xd;
Actualmente sólo se tiene acceso a las anotaciones si se tiene un PC con la agenda instalada. Por ello, ahora la Agenda, además de sus actuales características permitirá enviar las anotaciones a un dispositivo móvil mediante SMS O emails.&#xd;
Para la sincronización mediante email existirá un servicio encargado de enviar los correos electrónicos. Cuando el usuario seleccione las anotaciones que desea enviar, la Agenda guardará la información en la base de datos. Posteriormente, el gestor de emails comprobará la base de datos y enviará los emails pendientes.&#xd;
Para la sincronización mediante SMS se utilizará el propio Smartphone del usuario. El Smartphone se conectará mediante wifi con la Agenda y cuando el usuario quiera enviar un SMS, ésta le enviará al Smartphone el número de teléfono junto con el texto y el teléfono enviará el SMS.</subfield>
</datafield>
<datafield tag="024" ind2=" " ind1="8">
<subfield code="a">http://uvadoc.uva.es/handle/10324/1502</subfield>
</datafield>
<datafield ind1=" " ind2=" " tag="653">
<subfield code="a">Android (Sistema operativo de ordenadores)</subfield>
</datafield>
<datafield ind1=" " ind2=" " tag="653">
<subfield code="a">Telefonía móvil</subfield>
</datafield>
<datafield ind1=" " ind2=" " tag="653">
<subfield code="a">Programas y sistemas de programación</subfield>
</datafield>
<datafield tag="245" ind1="0" ind2="0">
<subfield code="a">Agenda electrónica multiusuario con notificaciones automáticas a terminales móviles</subfield>
</datafield>
</record></metadata></record></GetRecord></OAI-PMH>